[Event "ROM-chT2"]
[Site "Olanesti"]
[Date "2013.10.12"]
[Round "1.6"]
[White "Bacila, Mihai"]
[Black "Barbuleanu, Serban Ioan"]
[Result "0-1"]
[WhiteElo "1690"]
[BlackElo "1922"]
[PlyCount "86"]
[EventDate "2013.10.12"]
[EventType "team-tourn"]
[EventRounds "9"]
[EventCountry "ROU"]
[SourceTitle "EXT 2014"]
[Source "ChessBase"]
[SourceDate "2013.11.20"]
[SourceVersion "1"]
[SourceVersionDate "2013.11.20"]
[SourceQuality "1"]
[WhiteTeam "Deva"]
[BlackTeam "Oltenia Craiova"]
[WhiteTeamCountry "ROU"]
[BlackTeamCountry "ROU"]

1. d4 Nf6 2. Nf3 g6 3. Nc3 d5 4. Bf4 Bg7 5. e3 0-0 6. Be2 b6 7. Ne5 Bb7 8. h4 Nbd7 9. h5 Nxe5 10. Bxe5 Ne4 11. Bxg7 Kxg7 12. Bd3 Nxc3 13. bxc3 Qd6 14. Qg4 e5 15. hxg6 hxg6 16. Qg5 e4 17. Be2 Rh8 18. Kd2 c5 19. Qf4 Qxf4 20. exf4 Rhc8 21. Rhc1 Rc7 22. a4 Rac8 23. a5 Bc6 24. axb6 axb6 25. Ra6 Rb8 26. Rb1 b5 27. dxc5 Bd7 28. Rd6 Be6 29. c6 Kf8 30. Rxb5 Rxb5 31. Bxb5 Ke7 32. Rd7+ Bxd7 33. cxd7 Rc5 34. Ba4 Kd8 35. g4 f5 36. g5 Kc7 37. Bb3 Kxd7 38. Ke3 Rxc3+ 39. Kd4 Rf3 40. Bxd5 Rxf2 41. Bf7 Rxc2 42. Bxg6 Ke6 43. Bh5 Rh2 0-1

[Event "ROM-ch U18"]
[Site "Calimanesti"]
[Date "2013.04.03"]
[Round "3"]
[White "Vrencian, Lehel"]
[Black "Bacila, Mihai"]
[Result "1-0"]
[WhiteElo "1966"]
[BlackElo "1668"]
[PlyCount "59"]
[EventDate "2013.04.02"]
[EventType "swiss"]
[EventRounds "9"]
[EventCountry "ROU"]
[SourceTitle "CBM 153 Extra"]
[Source "ChessBase"]
[SourceDate "2013.04.22"]
[SourceVersion "1"]
[SourceVersionDate "2013.04.22"]
[SourceQuality "1"]

1. e4 d6 2. d4 Nf6 3. Nc3 Nbd7 4. Nf3 e5 5. Bc4 Be7 6. 0-0 0-0 7. Re1 c6 8. a4 a5 9. b3 Qc7 10. Bb2 Re8 11. Qd2 Nb6 12. Bd3 Bg4 13. dxe5 dxe5 14. Qe3 Nbd7 15. Nd2 Bc5 16. Qg3 Bd4 17. h3 Bh5 18. Nc4 Nc5 19. Ne3 Bg6 20. Nf5 Nfxe4 21. Bxe4 Nxe4 22. Rxe4 Bxf5 23. Rxd4 Bxc2 24. Rc1 Bxb3 25. Nb5 Qe7 26. Ba3 Qf6 27. Rd6 Re6 28. Qxb3 cxb5 29. Rxe6 fxe6 30. Qxb5 1-0

[Event "ROM-chTA"]
[Site "Olanesti"]
[Date "2012.10.13"]
[Round "8.6"]
[White "Bacila, Mihai"]
[Black "Munteanu, Alexandru"]
[Result "1-0"]
[WhiteElo "1621"]
[BlackElo "1977"]
[PlyCount "45"]
[EventDate "2012.10.06"]
[EventType "team-tourn"]
[EventRounds "9"]
[EventCountry "ROU"]
[SourceTitle "CBM 150 Extra"]
[Source "ChessBase"]
[SourceDate "2012.10.19"]
[SourceVersion "1"]
[SourceVersionDate "2012.10.19"]
[SourceQuality "1"]
[WhiteTeam "Deva"]
[BlackTeam "Giurgiu"]
[WhiteTeamCountry "ROU"]
[BlackTeamCountry "ROU"]

1. d4 d5 2. c4 c6 3. Nf3 Nf6 4. e3 e6 5. Bd3 Nbd7 6. 0-0 dxc4 7. Bxc4 b5 8. Bd3 a6 9. e4 c5 10. e5 Nd5 11. Nc3 Bb7 12. Ng5 Nxc3 13. bxc3 Be7 14. Qh5 Bxg5 15. Bxg5 Qb6 16. Rfd1 Bd5 17. Rac1 Qc6 18. f3 Bxa2 19. c4 Bxc4 20. Bxc4 bxc4 21. d5 Qc7 22. dxe6 Nf8 23. Rd7 1-0

[Event "ROM-chTA"]
[Site "Olanesti"]
[Date "2012.10.07"]
[Round "2.6"]
[White "Stegariu, Alexandru"]
[Black "Bacila, Mihai"]
[Result "1-0"]
[WhiteElo "2129"]
[BlackElo "1621"]
[PlyCount "73"]
[EventDate "2012.10.06"]
[EventType "team-tourn"]
[EventRounds "9"]
[EventCountry "ROU"]
[SourceTitle "CBM 150 Extra"]
[Source "ChessBase"]
[SourceDate "2012.10.19"]
[SourceVersion "1"]
[SourceVersionDate "2012.10.19"]
[SourceQuality "1"]
[WhiteTeam "Resita Muncitorul"]
[BlackTeam "Deva"]
[WhiteTeamCountry "ROU"]
[BlackTeamCountry "ROU"]

1. d4 d6 2. Nf3 Nf6 3. c4 Nbd7 4. Nc3 e5 5. e4 Be7 6. Be2 0-0 7. 0-0 c6 8. Rb1 a5 9. Re1 Qc7 10. Bf1 Re8 11. a3 h6 12. b4 axb4 13. axb4 b6 14. b5 c5 15. dxe5 dxe5 16. Nd5 Nxd5 17. exd5 Bd6 18. Bd3 Nf6 19. Qc2 Bd7 20. Bb2 Re7 21. Bf5 Rae8 22. Nh4 Qb8 23. Bxd7 Rxd7 24. Nf5 Bc7 25. Qd3 e4 26. Qh3 Be5 27. d6 Bxb2 28. Rxb2 h5 29. Qh4 Re6 30. Ra2 g6 31. Rea1 Kh7 32. Ra8 Qb7 33. Rf8 Rexd6 34. h3 Rd1+ 35. Rxd1 Rxd1+ 36. Kh2 gxf5 37. Qxf6 1-0

[Event "ROM-chTA"]
[Site "Olanesti"]
[Date "2012.10.06"]
[Round "1.6"]
[White "Bacila, Mihai"]
[Black "Cordea, David"]
[Result "0-1"]
[WhiteElo "1621"]
[BlackElo "2001"]
[PlyCount "42"]
[EventDate "2012.10.06"]
[EventType "team-tourn"]
[EventRounds "9"]
[EventCountry "ROU"]
[SourceTitle "CBM 150 Extra"]
[Source "ChessBase"]
[SourceDate "2012.10.19"]
[SourceVersion "1"]
[SourceVersionDate "2012.10.19"]
[SourceQuality "1"]
[WhiteTeam "Deva"]
[BlackTeam "Cugir CSO"]
[WhiteTeamCountry "ROU"]
[BlackTeamCountry "ROU"]

1. d4 Nf6 2. c4 g6 3. Nc3 Bg7 4. e4 0-0 5. e5 Ne8 6. Nf3 c5 7. d5 d6 8. Bf4 Bg4 9. exd6 Nxd6 10. h3 Bxf3 11. Qxf3 e5 12. dxe6 fxe6 13. Qe3 Nf5 14. Qxe6+ Kh8 15. Qd5 Qe7+ 16. Be2 Nc6 17. Kf1 g5 18. Bxg5 Qxg5 19. Bf3 Rad8 20. Qe4 Rd2 21. Rb1 Ncd4 0-1

[Event "ROM-chT Div-A"]
[Site "Slanic Moldova"]
[Date "2011.10.05"]
[Round "4"]
[White "Bacila, Mihai"]
[Black "Vasile, Teodora"]
[Result "0-1"]
[WhiteElo "1562"]
[BlackElo "1974"]
[PlyCount "74"]
[EventDate "2011.10.03"]
[EventType "team-tourn"]
[EventRounds "9"]
[EventCountry "ROU"]
[SourceTitle "CBM 144 Extra"]
[Source "ChessBase"]
[SourceDate "2011.10.28"]
[SourceVersion "1"]
[SourceVersionDate "2011.10.28"]
[SourceQuality "1"]

1. d4 d5 2. c4 c6 3. Nf3 Nf6 4. Nc3 dxc4 5. a4 Bf5 6. e3 e6 7. Bxc4 Bb4 8. 0-0 0-0 9. Qb3 Qe7 10. Ne5 Bd6 11. f3 Ne8 12. e4 Bg6 13. Nxg6 hxg6 14. e5 Bb4 15. h4 a5 16. Bg5 Qd7 17. Rfd1 Nc7 18. Ne4 Nd5 19. Bxd5 cxd5 20. Nc3 Nc6 21. Nb5 Na7 22. Nc3 Rac8 23. Na2 Rc4 24. Qd3 Rfc8 25. b3 Rxd4 26. Qxd4 Bc5 27. Qxc5 Rxc5 28. Be3 b6 29. Bxc5 bxc5 30. Rac1 Qe7 31. g4 Nc6 32. f4 Nd4 33. Rc3 Ne2+ 34. Kf2 Nxc3 35. Nxc3 c4 36. Rb1 Qc5+ 37. Kf3 Qd4 0-1